skbl

Dr Suryya Kumar Bhuyan Library Web-OPAC
ডঃ সূৰ্য্য
কুমাৰ ভূঞা পুথিভঁৰাল ৱেব-অ'পেক

All Research Scholars are advised to clear the annual library fees to continue using Library Resources, Remote Access, Plagiarism Test and Library Clearance.

Cotton University Book Fair 2026

Aakalan aur Samiksha / (Record no. 2645)

MARC details
000 -LEADER
fixed length control field 00634nam a2200241Ia 4500
001 - CONTROL NUMBER
control field 2652
005 - DATE AND TIME OF LATEST TRANSACTION
control field 20240113233549.0
007 - PHYSICAL DESCRIPTION FIXED FIELD--GENERAL INFORMATION
fixed length control field ta
008 - FIXED-LENGTH DATA ELEMENTS--GENERAL INFORMATION
fixed length control field 050228s1973 g b000 u hin u
040 ## - CATALOGING SOURCE
Original cataloging agency Cotton College,Assam
041 ## - LANGUAGE CODE
Language code of text/sound track or separate title hin
082 ## - DEWEY DECIMAL CLASSIFICATION NUMBER
Classification number 891.4309
Item number C 361 Aa
100 ## - MAIN ENTRY--PERSONAL NAME
Personal name Chandra, Sansar .
245 #0 - TITLE STATEMENT
Title Aakalan aur Samiksha /
Statement of responsibility, etc. Sansar Chandra.
Medium Textual Documents
250 ## - EDITION STATEMENT
Edition statement 1st ed. /
260 ## - PUBLICATION, DISTRIBUTION, ETC.
Place of publication, distribution, etc. New Delhi :
Name of publisher, distributor, etc. Mansingh Gupta ,
Date of publication, distribution, etc. 1973.
300 ## - PHYSICAL DESCRIPTION
Extent 172p. ;
Dimensions 23cm.
653 ## - INDEX TERM--UNCONTROLLED
Uncontrolled term Hindi literature-Criticism
653 ## - INDEX TERM--UNCONTROLLED
Uncontrolled term Gen-Hindi
942 ## - ADDED ENTRY ELEMENTS (KOHA)
Source of classification or shelving scheme Dewey Decimal Classification
Koha item type Books
Holdings
Withdrawn status Lost status Damaged status Not for loan Collection Home library Current library Date acquired Coded location qualifier Total checkouts Full call number Barcode Date last seen Copy number Price effective from Koha item type
          Dr. Suryya Kumar Bhuyan Library Dr. Suryya Kumar Bhuyan Library 01/02/2012 00000   891.4309 C 361 Aa 66179/Hin 13/01/2024 1 01/02/2012 Books

Designed and Maintained by Team SKBL
©1901-2026

Powered by Koha